| 000 -LEADER |
| fixed length control field |
00478cam a2200169Ia 4500 |
| 020 ## - INTERNATIONAL STANDARD BOOK NUMBER |
| ISBN |
0804815909 |
| 040 ## - CATALOGING SOURCE |
| Transcribing agency |
DLC |
| 041 1# - LANGUAGE CODE |
| Language code of original and/or intermediate translations of text |
jpn |
| 082 ## - DEWEY DECIMAL CLASSIFICATION NUMBER |
| Classification number |
895 RUT 1990 A097 Or. |
| 110 2# - MAIN ENTRY--CORPORATE NAME |
| Corporate name or jurisdiction name as entry element |
Sumii, Sue, |
| 245 14 - TITLE STATEMENT |
| Title |
The river with no bridge / |
| 260 ## - PUBLICATION, DISTRIBUTION, ETC. (IMPRINT) |
| Place of publication |
Rutland, Vermont |
| Name of publisher |
C.E. Tuttle, Co., Inc., |
| Year of publication |
1990 |
| 300 ## - PHYSICAL DESCRIPTION |
| Number of Pages |
xiv, 359 p. ; |
| Dimensions |
24 cm |
| 500 ## - GENERAL NOTE |
| General note |
Translation of: Hashi no nai kawa. Originally published in six volumes |
| 650 #0 - SUBJECT ADDED ENTRY--TOPICAL TERM |
| Topical Term |
Love stories, Japanese |
| 942 ## - ADDED ENTRY ELEMENTS (KOHA) |
| Koha item type |
សៀវភៅភាសាអង់គ្លេស |
| 952 ## - LOCATION AND ITEM INFORMATION (KOHA) |
| Withdrawn status [LOCAL, KOHA] |
0 |